LEADER 03289nam 2200769Ia 450 001 9910454079003321 005 20200520144314.0 010 $a1-282-19677-4 010 $a9786612196775 010 $a3-11-020720-6 024 7 $a10.1515/9783110207200 035 $a(CKB)1000000000691468 035 $a(EBL)364670 035 $a(OCoLC)476197006 035 $a(SSID)ssj0000136939 035 $a(PQKBManifestationID)11158696 035 $a(PQKBTitleCode)TC0000136939 035 $a(PQKBWorkID)10087669 035 $a(PQKB)11064696 035 $a(MiAaPQ)EBC364670 035 $a(DE-B1597)34479 035 $a(OCoLC)567967884 035 $a(OCoLC)703226821 035 $a(DE-B1597)9783110207200 035 $a(Au-PeEL)EBL364670 035 $a(CaPaEBR)ebr10256540 035 $a(CaONFJC)MIL219677 035 $a(EXLCZ)991000000000691468 100 $a20071221d2008 uy 0 101 0 $aeng 135 $aur||||||||||| 181 $ctxt 182 $cc 183 $acr 200 10$aDerivations and evaluations$b[electronic resource] $eobject shift in the Germanic languages /$fby Hans Broekhuis 210 $aBerlin ;$aNew York $cMouton de Gruyter$dc2008 215 $a1 online resource (396 p.) 225 1 $aStudies in generative grammar ;$v97 300 $aDescription based upon print version of record. 311 $a3-11-019864-9 320 $aIncludes bibliographical references and index. 327 $t Frontmatter -- $tTable of contents -- $tChapter 1 Derivations (MP) and Evaluations (OT) -- $tChapter 2 Short object shiftThis -- $tChapter 3 Regular object shift -- $tChapter 4 Object shift and other movement types -- $tChapter 5 Predicate movement -- $tChapter 6 Summary and conclusion -- $t Backmatter 330 $aThis study shows that Scandinavian object shift and so-called A-scrambling in the continental Germanic languages are the same, and aims at providing an account of the variation that we find with respect to this phenomenon by combining certain aspects of the Minimalist Program and Optimality Theory. More specifically, it is claimed that representations created by a simplified version of the computational system of human language CHL are evaluated in an optimality theoretic fashion by taking recourse to a very small set of output constraints. 410 0$aStudies in generative grammar ;$v97. 606 $aGermanic languages$xSyntax 606 $aGermanic languages$xGrammar, Generative 606 $aGermanic languages$xDirect object 606 $aGermanic languages$xIndirect object 606 $aMinimalist theory (Linguistics) 606 $aOptimality theory (Linguistics) 608 $aElectronic books. 615 0$aGermanic languages$xSyntax. 615 0$aGermanic languages$xGrammar, Generative. 615 0$aGermanic languages$xDirect object. 615 0$aGermanic languages$xIndirect object. 615 0$aMinimalist theory (Linguistics) 615 0$aOptimality theory (Linguistics) 676 $a430.045 686 $aET 690$2rvk 700 $aBroekhuis$b Hans$0803521 801 0$bMiAaPQ 801 1$bMiAaPQ 801 2$bMiAaPQ 906 $aBOOK 912 $a9910454079003321 996 $aDerivations and evaluations$92478197 997 $aUNINA LEADER 01870nam 2200493 450 001 9910703817203321 005 20150811153254.0 035 $a(CKB)5470000002435563 035 $a(OCoLC)917654929 035 $a(EXLCZ)995470000002435563 100 $a20150811j201504 ua 0 101 0 $aeng 135 $aurcn||||||||| 181 $ctxt$2rdacontent 182 $cc$2rdamedia 183 $acr$2rdacarrier 200 10$aAtmospheric mining in the outer solar system $eresource capturing, exploration, and exploitation /$fBryan Palaszewski 210 1$aCleveland, Ohio :$cNational Aeronautics and Space Administration, Glenn Research Center,$dApril 2015. 215 $a1 online resource (30 pages) $ccolor illustrations, maps 225 1 $aNASA/TM ;$v2015-218096 300 $aTitle from title screen (viewed Aug. 11, 2015). 300 $a"April 2015." 300 $a"Prepared for the 49th Joint Propulsion Conference and Exhibit cosponsored by the AIAA, ASME, SAE, and ASEE, San Jose, California, July 14-17, 2013." 320 $aIncludes bibliographical references (pages 29-30). 517 $aAtmospheric mining in the outer solar system 606 $aFuel production$2nasat 606 $aHydrogen 4$2nasat 606 $aPlanetary atmospheres$2nasat 606 $aSolar system$2nasat 606 $aGas giant planets$2nasat 615 7$aFuel production. 615 7$aHydrogen 4. 615 7$aPlanetary atmospheres. 615 7$aSolar system. 615 7$aGas giant planets. 700 $aPalaszewski$b Bryan Alan Richard$01388221 712 02$aNASA Glenn Research Center, 712 02$aUnited States.$bNational Aeronautics and Space Administration, 801 0$bGPO 801 1$bGPO 906 $aBOOK 912 $a9910703817203321 996 $aAtmospheric mining in the outer solar system$93457622 997 $aUNINA